AHLI FARMASI : MENJAGA KESIHATAN UMMAH / (Record no. 13721)

MARC details
000 -LEADER
fixed length control field 00924naa a22002537u 4500
001 - CONTROL NUMBER
control field 16405
003 - CONTROL NUMBER IDENTIFIER
control field HDC
007 - PHYSICAL DESCRIPTION FIXED FIELD--GENERAL INFORMATION
fixed length control field cr bn ---aaaaa
008 - FIXED-LENGTH DATA ELEMENTS--GENERAL INFORMATION
fixed length control field 210221t xx 000 0 eng
040 ## - CATALOGING SOURCE
Original cataloging agency HDC
100 ## - MAIN ENTRY--PERSONAL NAME
Personal name Abu Bakar Abdul Majeed,
Titles and words associated with a name Prof. Dr.
Relator term author
9 (RLIN) 16241
245 #0 - TITLE STATEMENT
Title AHLI FARMASI : MENJAGA KESIHATAN UMMAH /
Statement of responsibility, etc. by Prof. Dr. Abu Bakar Abdul Majeed
260 ## - PUBLICATION, DISTRIBUTION, ETC.
Place of publication, distribution, etc. [No place] :
Name of publisher, distributor, etc. [publisher not identified],
Date of publication, distribution, etc. [no year]
300 ## - PHYSICAL DESCRIPTION
Extent 2 pages : illustrations
336 ## - CONTENT TYPE
Content type term text
Source rdacontent
337 ## - MEDIA TYPE
Media type term computer
Source rdamedia
338 ## - CARRIER TYPE
Carrier type term online resource
Source rdacarrier
650 ## - SUBJECT ADDED ENTRY--TOPICAL TERM
Topical term or geographic name entry element Islam
General subdivision Customs and practices
9 (RLIN) 127
650 ## - SUBJECT ADDED ENTRY--TOPICAL TERM
Topical term or geographic name entry element Medicine
General subdivision Religious aspects
-- Islam
9 (RLIN) 1483
856 ## - ELECTRONIC LOCATION AND ACCESS
Public note Request full-text at [email protected]
942 ## - ADDED ENTRY ELEMENTS (KOHA)
Source of classification or shelving scheme Library of Congress Classification
942 ## - ADDED ENTRY ELEMENTS (KOHA)
Koha item type Electronic Sources
942 ## - ADDED ENTRY ELEMENTS (KOHA)
Call number prefix EMAG 000511
Holdings
Withdrawn status Lost status Source of classification or shelving scheme Damaged status Not for loan Home library Current library Shelving location Date acquired Total checkouts Full call number Date last seen Price effective from Koha item type
    Library of Congress Classification     Halal Development Corporation Library Halal Development Corporation Library Open Shelves 24/05/2023   EMAG 000511 24/05/2023 24/05/2023 Electronic Sources
Halal Development Corporation Berhad (HDC)
5.02 Level 5, KPMG Tower, First Avenue, Persiaran Bandar Utama, 47800 Petaling Jaya, Selangor Darul Ehsan
Phone: +603 7965 5489 Email: [email protected]